| 000 | 00380pab a2200145 454500 | ||
|---|---|---|---|
| 008 | 180718b2001 xxu||||| |||| 00| 0 eng d | ||
| 100 | _aShukla, P.K. | ||
| 245 | _aPre-colonial cultural legacy and colonial intervention: an historical appraisal | ||
| 260 | _c2001 | ||
| 300 | _ap.61-73 | ||
| 362 | _aMar-Apr | ||
| 650 | _aCulture | ||
| 773 | _aSocial Scientist | ||
| 909 | _a50242 | ||
| 999 |
_c50242 _d50242 |
||